000 00818nam a2200289Ia 4500
001 7321
005 20240113234009.0
007 ta
008 050705s1993 a g b000 u eng u
020 _a81-85445-53-2
040 _aCotton College,Assam
041 _aeng
082 _a550.03
_bRa 183 Di
100 _aRashid, S.M. .
245 0 _aDictionary of Remote Sensing /
_cS.M. Rashid, M.M.A. Khan.
_hTextual Documents
250 _a1st ed. /
260 _aDelhi :
_bManak Publications Pvt. Ltd. ,
_c1993.
300 _aviii, 226p. :
_bill. ;
_c23cm .
653 _aGeology-Remote Sensing
653 _aRemote Sencing-Dictionaries
653 _aDictionaries-Remote Sencing
653 _aPG-Geology
700 _aKhan, M.M.A. .
942 _2ddc
_cBK
999 _c7308
_d7308